000 00969nam0a22002411 4500
001 v19\rc\1471517
005 20260406173115.0
035 _a(NLR Aleph) 004606879
090 _a2860536
_c2860536
100 _a20060620d1877 |||y0rusy50 ca
101 0 _arus
102 _aRU
105 _ay z |||||
200 1 _aУстав Общества взаимного вспоможения приказчиков и коммерческих служителей из евреев в г. Бердичеве
_e[Утв. 15 мая 1868]
210 _aБердичев
_d1877
215 _a9 с.
_d21
710 0 2 _aБердичевское общество взаимного вспоможения приказчиков и коммерческих служителей из евреев
_3RU\NLR\AUTH\889940803
_9376458
801 0 _aRU
_bNLR
_gpsbo
801 0 _aRU
_bRuMoRGB
_2psbo
801 1 _aRU
_bProSoft-M
_2rusmarc
852 _aNLR
_j18.100.1.541
942 _cBOOK
980 _aNB